Vplyv značiek na nákupné rozhodovanie teenagerov diplomová práca

Saved in:
Bibliographic Details
Main Author: Adamcsek Acsay, Rebeka
Corporate Author: Obchodná fakulta EU. Katedra marketingu
Other Authors: Lesáková, Dagmar, 1949-
Format: Book
Language:Slovak
Published: Bratislava 2016
Tags: Add Tag
No Tags, Be the first to tag this record!

MARC

LEADER 00000nbm a2200000 4500
001 0216639
005 20170112103019.8
041 0 |a slo 
044 |a SK 
245 1 0 |a Vplyv značiek na nákupné rozhodovanie teenagerov  |b diplomová práca  |c Rebeka Adamcsek Acsay ; školiteľ: Dagmar Lesáková 
264 1 |a Bratislava  |c 2016 
300 |a 77 s. 
100 1 |a Adamcsek Acsay, Rebeka 
700 1 |a Lesáková, Dagmar, 1949- 
710 2 |a Obchodná fakulta EU. Katedra marketingu